000 00354nam a22001217a 4500
999 _c8435
_d8436
008 200218b ||||| |||| 00| 0 eng d
082 _a842.9 ION
100 _aIonesco, Eugène.
245 _aRhinoceros, and other plays.
_bTranslated by Derek Prouse.
300 _a107 p.
_c30 cm.
650 _a Ionesco, Eugène--Translations into English.
942 _2ddc